Normal view
MARC view
- Computational Methods-Reinforced Concrete Structures
Entry Topical Term
001 - CONTROL NUMBER
- control field: 5104
003 - CONTROL NUMBER IDENTIFIER
- control field: JO-AjAnu
005 - DATE AND TIME OF LATEST TRANSACTION
- control field: 20230606071130.0
008 - FIXED-LENGTH DATA ELEMENTS
- fixed length control field: 230606|| aca||aabn | a|a d
040 ## - CATALOGING SOURCE
- Original cataloging agency: JO-AjAnu
- Transcribing agency: JO-AjAnu
150 ## - HEADING--TOPICAL TERM
- Topical term or geographic name entry element: Computational Methods-Reinforced Concrete Structures
670 ## - SOURCE DATA FOUND
- Source citation: Work cat.: (JO-AjAnu)2637: Combe, Ulrich Haussler, author 5103, Computational Methods for Reinforced Concrete Structures